000 00897nam a22002535i 4500
001 11524
003 ES-MaACL
005 20230906150123.0
007 t|
008 940902s1994 sp ||||0| spa d
020 _a84-338-1884-8
040 _aM-BN
_bspa
_cM-BN
080 _a860(729.1) Lezama Lima, José 7 Muerte de Narciso.08
100 1 _aCorrea Rodríguez, Pedro.
_940757
245 1 3 _aLa poética de Lezama Lima: Muerte de Narciso /
_cPedro Correa Rodríguez.
260 _aGranada :
_bServicio de Publicaciones de la Universidad,
_c1994.
300 _a178 p ;
_c21 cm.
490 1 _aMonográfica. Crítica literaria ;
_v176
600 1 4 _aLezama Lima, José.
_tMuerte de Narciso-
_xLenguaje.
_972120
710 2 _aUniversidad de Granada.
_97176
830 0 _aMonográfica. Crítica literaria ;
_v176
_9228198
852 _aES-MaACL
_jL-18851
_bR.124575
999 _c11524
_d11524